Λεξικόν : συναγωγή πασών λέξεων κατά στοιχείον

Αποθηκεύτηκε σε:
Λεπτομέρειες βιβλιογραφικής εγγραφής
Κύριος συγγραφέας: Ησύχιος ο Αλεξανδρεύς, 5ος αι. μ.Χ
Συγγραφή απο Οργανισμό/Αρχή: Φιλολογική Ομάδα Κάκτου
Μορφή: Βιβλίο
Γλώσσα:Ancient Greek
Greek
Δημοσίευση: Αθήνα : Κάκτος, 2004.
Σειρά:Έλληνες (Εκδόσεις Κάκτος) ; 21, 22, 23, 24, 25
Θέματα:
Ετικέτες: Προσθήκη ετικέτας
Δεν υπάρχουν, Καταχωρήστε ετικέτα πρώτοι!

MARC

LEADER 00000cam a2200000 i 4500
001 1/78098
008 050607s2004 gr | ||| |||| ||grc||
035 |l 10078416 
040 |a GR-MyUa  |b gre  |e AACR2 
041 1 |a grc  |a gre  |h grc 
082 7 |a 483   |2 (22) 
100 0 |a Ησύχιος ο Αλεξανδρεύς,   |d 5ος αι. μ.Χ. 
245 1 0 |a Λεξικόν :   |b συναγωγή πασών λέξεων κατά στοιχείον /   |c Ησύχιος ; επιμέλεια Φιλολογική Ομάδα Kάκτου. 
260 |a Αθήνα :   |b Κάκτος,   |c 2004. 
300 |a 5 τ. ;   |c 21 εκ. 
490 1 |a (Οι Έλληνες / Εκδόσεις Κάκτος ;   |v  21, 22, 23, 24, 25) 
500 |a Οι τόμοι 1 και 2 όπως επίσης και οι 3 και 4 είναι δεμένοι μαζί μετά την έκδοσή τους. 
650 0 0 |a Greek language, Hellenistic (300 B.C.-600 A.D.)  |x Dictionaries. 
710 2 |a Φιλολογική Ομάδα Κάκτου. 
830 0 |a Έλληνες (Εκδόσεις Κάκτος)  |v  ; 21, 22, 23, 24, 25 
852 |a INST  |b RHODES  |c KRI  |e 20050607  |h  483 ΗΣΥ  |p 005400023310  |q 005400023310  |t REF  |v τ.1-2:  |y 23  |z τ.1-2 
852 |a INST  |b RHODES  |c KRI  |e 20050621  |h  483 ΗΣΥ  |p 005400023334  |q 005400023334  |t REF  |v τ.5:  |y 23  |z τ.5 
852 |a INST  |b RHODES  |c KRI  |e 20220909  |h  483 ΗΣΥ  |p 005400023335  |q 005400023335  |t REF  |v τ.3-4:  |y 23 
853 |a INST  |b RHODES  |c KRI  |h  483 ΗΣΥ 
901 |a BIBL4-2005-2 
970 |a ΚΟΖΑ  |b ΜΑΡΙΑ  |z 2005/06/07